00366nam a2200109Ia 4500008004100000082000800041100001700049245007400066942000600140952009500146999001500241240331s9999 xx 000 0 und d bWAN aWang, O.N.C. 0aFantastic modernity :bdialectical readings in romanticism and theory cL 001040708LaWERCLbWERCLcSSCd2024-03-31l0o 809 WANp4426r2024-03-31w2024-03-31yL c3148d3148